000 00276nam a22001217a 4500
008 170927b xxu||||| |||| 00| 0 eng d
041 _ager
080 _a37
100 _a46
101 _aEDU
245 _aAKADEMIE DER WISSENSCHAFTEN DER DDR
_cWANGERMANN,G
942 _2udc
_cBK
999 _c30174
_d30174